| 000 | 00401nam a2200133 a 4500 | ||
|---|---|---|---|
| 001 | 000031836 | ||
| 005 | 20200930063222.0 | ||
| 008 | 110706s2007 dr 000 0 spa d | ||
| 040 |
_aDO-SdBNP _bspa _cBNPHU |
||
| 245 | 0 | 3 |
_aLa confianza, tema : _bconfio en Dios y confio en mí. |
| 260 |
_a[Barahona, República Dominicana : _bDiócesis de Barahona, _c2007. |
||
| 300 |
_a15 p. ; _c22 cm. |
||
| 049 | _aBNPD | ||
| 999 |
_c31328 _d31328 |
||